[Event "NSU Open Mesterklassen 2013"]
[Site "Hillerod"]
[Date "2013.01.06"]
[Round "5"]
[White "Tandrup, Michael"]
[Black "Percivaldi, Martin"]
[Result "1/2-1/2"]
[WhiteElo "1957"]
[BlackElo "2034"]
[PlyCount "82"]
[EventDate "2013.??.??"]

1. c4 c5 2. g3 g6 3. Bg2 Bg7 4. Nc3 Nc6 5. e4 d6 6. Nge2 Nf6 7. O-O O-O 8. d3
Bd7 9. h3 a6 10. a3 Rb8 11. Rb1 b5 12. cxb5 axb5 13. b4 cxb4 14. axb4 Ne8 15.
Kh2 Nd4 16. Nxd4 Bxd4 17. Ne2 Bg7 18. Be3 Nc7 19. Qd2 Be6 20. Bh6 Bxh6 21. Qxh6
Qd7 22. h4 Ne8 23. Nf4 Nf6 24. f3 Kh8 25. Bh3 Bxh3 26. Nxh3 Ng8 27. Qe3 Kg7 28.
Rfc1 Rfc8 29. Nf4 Nf6 30. Kg2 Ra8 31. Rxc8 Qxc8 32. Qd2 Qa6 33. Qb2 Qa3 34. d4
e6 35. Kf2 Nd7 36. Ne2 Qd3 37. Qb3 Ra3 38. Qxd3 Rxd3 39. Rc1 Nb6 40. Nc3 Rxd4
41. Nxb5 Rxb4 1/2-1/2